000 01478nam a22002657a 4500
999 _c170073
_d170073
005 20191210160602.0
010 _aB-066542
020 _c80.00
035 _aB-066542
037 _bआर्य पब्लिकेशन्स
082 _a380
_bछाबड़ा
100 _aछाबड़ा, टी.एन.
245 _aव्यवसाय अध्ययन :
_cटी.एन.छाबड़ा ; अनुवादक मीरा रंजन
_bव्यवसाय के आधार तथा कंपनी संगठन , वित्त एवं व्यावापर /
246 _avyavasay adhyayan : vyavasay ke adhar tatha company sangathan vitt evam vyapar /
_bby T.N. Chabara ; anuvadak Meera Ranjan
260 _aनई दिल्ली
_bआर्य पब्लिकेशन्स
_c2002
270 _bनई दिल्ली
_a30, नाईवाला , करोल बाग,
_e110005
300 _a330पृ.
_c22सेमी(सजिल्द )
650 _aव्यवसाय अध्ययन
_x
_z
650 _aकंपनी संगठन
650 _aBusiness Studies
650 _aCompany organization
700 _aरंजन मीरा
_9109179
942 _2ddc
_cHN
_h380
_mछाबड़ा